A színek és a hangok jelentősége a reklámokban
| Main Author: | |
|---|---|
| Other Authors: | |
| Format: | Thesis |
| Kulcsszavak: | fogyasztói tudatosság hangok marketingkommunikáció reklámok színek |
| Online Access: | http://dolgozattar.uni-bge.hu/59826 |
MARC
| LEADER | 00000nta a2200000 i 4500 | ||
|---|---|---|---|
| 001 | dolg59826 | ||
| 005 | 20260409145620.0 | ||
| 008 | 260409suuuu hu om 000 hun d | ||
| 040 | |a BGE Dolgozattár Repozitórium |b hun | ||
| 041 | |a hu | ||
| 100 | 1 | |a Benedek Zsolt Csaba | |
| 245 | 1 | 2 | |a A színek és a hangok jelentősége a reklámokban |c Benedek Zsolt Csaba |h [elektronikus dokumentum] |
| 520 | 3 | |a Szakdolgozatomban a színek és hangok reklámokban betöltött szerepét vizsgáltam, különös hangsúllyal arra, hogyan befolyásolják ezek az audiovizuális elemek a fogyasztói észlelést, döntéseket és márkaemlékezetet. Kérdőíves kutatásom során 118 válaszadót elemeztem. Dolgozatban bemutatom a színekhez és hangokhoz kapcsolódó pszichológiai mechanizmusokat, a demográfiai különbségeket, valamint gyakorlati ajánlásokat is megfogalmazok a marketingszakemberek számára a multiszenzoros, célcsoport-specifikus kommunikáció kialakításához. Meggyőződésem, hogy a modern reklámzajban a vizuális és audio elemek összehangolt, kreatív alkalmazása nélkülözhetetlen a fogyasztói figyelem megragadásához és a márkahűség erősítéséhez. | |
| 695 | |a fogyasztói tudatosság | ||
| 695 | |a hangok | ||
| 695 | |a marketingkommunikáció | ||
| 695 | |a reklámok | ||
| 695 | |a színek | ||
| 700 | 1 | |a Sólyomfi Dr. Andrea Hanna |e ths | |
| 856 | 4 | 0 | |u http://dolgozattar.uni-bge.hu/59826/1/Benedek%20Zsolt%20Csaba%20AAPN43%20Szakdolgozatom%20v%C3%A9gleges.pdf |z Dokumentum-elérés |
| 856 | 4 | 0 | |u http://dolgozattar.uni-bge.hu/59826/2/Benedek%20Zsolt%20Csaba.pdf |z Dokumentum-elérés |
| 856 | 4 | 0 | |u http://dolgozattar.uni-bge.hu/59826/3/Benedek%20Zsolt%20Csaba%20.pdf |z Dokumentum-elérés |